El Gobierno ante el problema del medio ambiente

Gorde:
Xehetasun bibliografikoak
Formatua: Texto
Gaiak:
Etiketak: Etiketa erantsi
Etiketarik gabe, Izan zaitez lehena erregistro honi etiketa jartzen!

MARC

LEADER 00000 a a2200000 04500
001 6404
003
040
245 |a El Gobierno ante el problema del medio ambiente  
650 |a MEDIO AMBIENTE  
650 |a DETERIORO AMBIENTAL  
650 |a DESARROLLO SUSTENTABLE  
650 |a ESTADO  
650 |a INTERVENCION DEL ESTADO  
773 |g volumen 21, número 926; páginas 6-8  
999 |c 22236  |d 22236